000 00741nam a2200301Ia 4500
005 20260121124538.0
008 008 260114s9999 xx 000 0 eng d
020 _a9781474475266
037 _aEBOOK
040 _aCRL
040 _beng
040 _cCRL
041 _2eng
041 _aeng
084 _qCRL
100 _aRayAlexander, Christopher
_9977811
245 0 _aWe ourselves
260 _bWalter de Gruyter
260 _bWalter de Gruyter
260 _c2021
650 _aPhilosophy
_9977812
700 _a Garcia, Tristan
_9977813
700 _a RayAlexander, Abigail
_9977814
856 _uhttp://www.degruyter.com/isbn/9781474475266
942 _cEBOOK
999 _c1555388
_d1555388